| 000 | 00565nas a2200205 i 4500 | ||
|---|---|---|---|
| 001 | 1370 | ||
| 003 | ES-MaACL | ||
| 005 | 20250217134154.0 | ||
| 007 | t| | ||
| 008 | 950801d19181929it | | 1 ||ta d | ||
| 245 | 0 | 2 |
_aI libri del giorno _b: rassegna mensile internazionale. |
| 260 |
_aMilano : _bFratelli Treves, _c1918-1929. |
||
| 300 |
_a2 v. ; _c24 cm. |
||
| 310 | _aMensual | ||
| 362 | 0 | _aA. 1, n. 1 (apr. 1918)-a. 12, n. 12 (dic. 1929) | |
| 650 | 4 |
_aBibliografía. _910516 |
|
| 852 |
_aES-MaACL _jHem-435 |
||
| 866 | 0 | _o1926-27. | |
| 999 |
_c1370 _d1370 |
||